Statistics for A-Z Famous People - Georgia (U.S. State)

Click here to take the quiz!

General Stats

  • This quiz has been taken 40 times
  • The average score is 11 of 26

Answer Stats

Answer% Correct
Martin Luther King Jr.
100%
Hulk Hogan
97%
Jimmy Carter
86%
Julia Roberts
81%
Kanye West
81%
Spike Lee
69%
Laurence Fishburne
56%
André 3000
50%
Cam Newton
47%
Paula Deen
47%
Ryan Seacrest
47%
Alan Jackson
44%
CeeLo Green
44%
Chris Tucker
44%
Quavo
28%
Kim Basinger
25%
Xavier Woods
25%
Chloë Grace Moretz
22%
Offset
22%
Trummy Young
17%
Bill Elliott
14%
Carl Vinson
6%
Dwight Phillips
6%
Dusty Zeigler
3%
Jim Usry
3%
Tommy Irvin
3%

Score Distribution

Percentile by Number Answered

Percent of People with Each Score

Your Score History

You have not taken this quiz